Aktivációs analízis az élelmiszer-analitikában II.

Elmentve itt :
Bibliográfiai részletek
Szerzők: Szabó András
Bogáncs János
Mihályi Éva
Dokumentumtípus: Cikk
Megjelent: Lapkiadó Vállalat Budapest 1979
Sorozat:Élelmiszervizsgálati közlemények 25 No. 3-4
Kulcsszavak:Élelmiszervizsgálat - analitikai kémia - módszer, Élelmiszerkémia - módszer
Tárgyszavak:
Online Access:http://acta.bibl.u-szeged.hu/80806
LEADER 00989nab a2200241 i 4500
001 acta80806
005 20230830110636.0
008 230830s1979 hu o 0|| hun d
022 |a 0422-9576 
040 |a SZTE Egyetemi Kiadványok Repozitórium  |b hun 
041 |a hun 
100 1 |a Szabó András 
245 1 0 |a Aktivációs analízis az élelmiszer-analitikában II.  |h [elektronikus dokumentum] /  |c  Szabó András 
260 |a Lapkiadó Vállalat  |b Budapest  |c 1979 
300 |a 61-64 
490 0 |a Élelmiszervizsgálati közlemények  |v 25 No. 3-4 
650 4 |a Műszaki és technológiai tudományok 
650 4 |a Egyéb műszaki tudományok és technológiák 
650 4 |a Élelmiszer és italfélék 
695 |a Élelmiszervizsgálat - analitikai kémia - módszer, Élelmiszerkémia - módszer 
700 0 1 |a Bogáncs János  |e aut 
700 0 1 |a Mihályi Éva  |e aut 
856 4 0 |u http://acta.bibl.u-szeged.hu/80806/1/elelmiszervizsgalati_kozlemenyek_1979_03-04_061-064.pdf  |z Dokumentum-elérés